000
00309cam a22001217a 4500
008
180718b1900 xxu||||| |||| 00| 0 eng d
082
_a
BA27 H113
100
_a
Haberlandt, Michael
245
_a
Ethnology
_c
by Michael Haberlandt
260
_a
London
_b
Ballantyne
_c
1900
300
_a
169p.
650
_a
Ethnology
999
_c
367325
_d
367325